U.S. States in Order of Admission - Statistics

General Stats
  • This quiz has been taken 53 times
  • The average score is 22 of 50
Answer Stats
Hint Answer % Correct
December 7, 1787 Delaware
96%
December 12, 1787 Pennsylvania
84%
January 3, 1959 Alaska
64%
January 2, 1788 Georgia
64%
August 21, 1959 Hawaii
64%
December 18, 1787 New Jersey
60%
December 14, 1819 Alabama
52%
June 15, 1836 Arkansas
52%
September 9, 1850 California
52%
January 9, 1788 Connecticut
52%
February 14, 1912 Arizona
48%
March 3, 1845 Florida
48%
December 3, 1818 Illinois
48%
December 11, 1816 Indiana
48%
January 26, 1837 Michigan
48%
March 1, 1803 Ohio
48%
June 1, 1792 Kentucky
44%
April 30, 1812 Louisiana
44%
April 28, 1788 Maryland
44%
February 6, 1788 Massachusetts
44%
December 10, 1817 Mississippi
44%
August 10, 1821 Missouri
44%
May 29, 1790 Rhode Island
44%
March 4, 1791 Vermont
44%
March 15, 1820 Maine
40%
June 21, 1788 New Hampshire
40%
July 26, 1788 New York
40%
November 16, 1907 Oklahoma
40%
May 23, 1788 South Carolina
40%
June 1, 1796 Tennessee
40%
December 29, 1845 Texas
40%
June 25, 1788 Virginia
40%
August 1, 1876 Colorado
36%
July 3, 1890 Idaho
36%
December 28, 1846 Iowa
36%
January 29, 1861 Kansas
36%
November 8, 1889 Montana
36%
January 6, 1912 New Mexico
36%
November 21, 1789 North Carolina
36%
November 2, 1889 North Dakota
36%
February 14, 1859 Oregon
36%
November 2, 1889 South Dakota
36%
May 11, 1858 Minnesota
32%
March 1, 1867 Nebraska
32%
May 29, 1848 Wisconsin
32%
July 10, 1890 Wyoming
32%
January 4, 1896 Utah
28%
November 11, 1889 Washington
28%
June 20, 1863 West Virginia
28%
October 31, 1864 Nevada
24%
No matching quizzes found
Score Distribution
Percent of People with Each Score
Percentile by Number Answered
Your Score History
You have not taken this quiz